| 000 | 00453cam a2200169 i 4500 | ||
|---|---|---|---|
| 001 | 22619 | ||
| 005 | 20230410101949.0 | ||
| 008 | 060907b2000 ilu g 001 0 spa d | ||
| 020 | _a8449977649 | ||
| 041 | 0 | _aspa | |
| 050 | 1 | 4 | _a118 F 1938.58 B171v 2000 |
| 100 | 1 |
_aBalaguer, Joaquín, _d1906-2002. |
|
| 245 | 0 | 0 |
_aLa voz del capitolio _cJoaquín Balaguer. |
| 260 |
_aSanto Domingo : _bEditora Corripio, _c2000. |
||
| 300 | _a367 p. | ||
| 942 |
_2lcc _cbk |
||
| 999 |
_c16517 _d16517 |
||